000
nam a22 7a 4500
999
_c
329251
_d
329251
003
Nust
005
20170502110353.0
008
170502b xxu||||| |||| 00| 0 eng d
040
_c
DLC
082
_a
891.4393 UMA
100
_a
عمیرہ احمد
245
_a
من و سلوی
260
_a
Lahore :
_b
Ilam o Irfan Publisher,
300
_a
784p. :
942
_2
ddc
_c
BK